| 000 | 00376cam a2200157ua 4500 | ||
|---|---|---|---|
| 041 |
_aeng _h |
||
| 082 |
_a823.301 _bCON/LI |
||
| 100 | _aConnor, Mary . | ||
| 245 |
_aLittle stories for children / _cMary Connor. _hTextual Documents |
||
| 250 |
_a1 / _b. |
||
| 260 |
_aBombay : _bOrient-Longman Ltd. |
||
| 300 | _a28 ; . | ||
| 504 | _a | ||
| 942 | _cBK | ||
| 999 |
_c2406 _d2406 |
||